00413nam a2200157Ia 450000500170000000800410001702000150005805000250007310000150009824500530011326000350016630000330020144000060023452100070024052600080024720140311163057.0140130s9999 xx 000 0 und d a0590341995 aPZ 7b.B46575Re 1995 aBest, Cari cBest, CariaRed light, green light mama and me / bScholastic,c1995.aNew York : a29 p. :bcol. ill. ;c25 cm. v1 aG2 c390